| 000 | 00936nam a22003017a 4500 | ||
|---|---|---|---|
| 001 | BR2014003096 | ||
| 003 | BR-BrBNA | ||
| 005 | 20230928104437.0 | ||
| 007 | ta | ||
| 008 | 230509b bl.||||| |||| 00| 0 por d | ||
| 040 |
_aBR-BrBNA _bpor _cBiblioteca Nacional de Agricultura |
||
| 041 | _a(Por) | ||
| 072 |
_aF02 _b2790 |
||
| 090 | _ 2790 BR2014003096 | ||
| 100 | 1 | _aAndrade, H.B. de | |
| 110 | 1 |
_aUniversidade Federal de Lavras, MG (Brasil) _0Tese (Mestrado) |
|
| 245 | 1 | _aMicropropagação e análise de constituintes volateis in vitro de Hyptis suaveolens (L.)Poit | |
| 260 | 3 |
_aLavras, MG (Brasil): _c2013. |
|
| 300 | _a145 p. | ||
| 500 | _aSummaries (Eng, Por); Several bibliography; 27 illus.; 25 tables | ||
| 650 | _aPLANTA MEDICINAL | ||
| 650 | _aBAMBURRAL | ||
| 650 | _aHYPTIS SUAVEOLENS | ||
| 650 | _aMICROPROPAGAÇÃO | ||
| 650 | _aCULTURA IN VITRO | ||
| 909 |
_a202309 _bLucia _c55 _dLucia Elande |
||
| 942 | _cBK | ||
| 999 |
_c79941 _d79941 |
||